logo

Bir Sreshtho Munshi Abdur Rouf Library
Jhenaidah Cadet College

ছোটদের বিশ্বকোষ তৃতীয় খণ্ড / (Record no. 4021)

MARC details
000 -LEADER
fixed length control field 00936nam a2200229 a 4500
001 - CONTROL NUMBER
JCCL Control Number 4021
003 - CONTROL NUMBER IDENTIFIER
JCCL marc code BD-JhCC
005 - DATE AND TIME OF LATEST TRANSACTION
control field 20171121103106.0
008 - FIXED-LENGTH DATA ELEMENTS--GENERAL INFORMATION
fixed length control field 171121s ii a|||| ||a| 000 0 bg d
035 ## - SYSTEM CONTROL NUMBER
system control number (BD-JhCC)4021
040 ## - CATALOGING SOURCE
Original cataloging agency BD-JhCC
Modifying agency BD-JhCC
041 ## - LANGUAGE CODE
Language code of Book ben
082 ## - DEWEY DECIMAL CLASSIFICATION NUMBER
Classification number 031
Author mark and Year BIS
100 ## - MAIN ENTRY--PERSONAL NAME
Personal name ছোটদের বিশ্বকোষ
245 ## - TITLE STATEMENT
Title ছোটদের বিশ্বকোষ তৃতীয় খণ্ড /
Statement of responsibility, etc শ্রীক্ষিতিন্দ্রনারায়ণ ভট্টচার্য সম্পদিত
260 ## - PUBLICATION, DISTRIBUTION, ETC. (IMPRINT)
Place of publication, distribution, etc কলিকাতা :
Name of publisher, distributor, etc মডার্ণ বুক এজেন্সী প্রাইভেট লিঃ,
300 ## - PHYSICAL DESCRIPTION
Pagination 952 p. :
Dimensions 24 cm.
650 ## - SUBJECT ADDED ENTRY--TOPICAL TERM
Topical term or geographic name as entry element Childerns Encyclopedia
700 ## - ADDED ENTRY--PERSONAL NAME
Personal name ভট্টচার্য, শ্রীক্ষিতিন্দ্রনারায়ণ সম্পদিত
942 ## - ADDED ENTRY ELEMENTS (KOHA)
Source of classification or shelving scheme Dewey Decimal Classification
Koha item type Books
Holdings
Source of classification or shelving scheme volume number Damaged status Not for loan Home library Current library Shelving location Date of accession Cost, normal purchase price Total Checkouts Full call number Barcode Date last seen Copy number Koha item type
Dewey Decimal Classification V-3     JCC Rouf Library JCC Rouf Library General Stacks 11/21/2017 12.00   031 BIS 5499 11/21/2017 C- 1 Books
Dewey Decimal Classification       JCC Rouf Library JCC Rouf Library General Stacks 04/21/2018 12.00   031 BIS 13498 04/21/2018 C-2 Books

JCC Library | Contacts | JCC Home

Last Update on 23 September 2017
Copyright @ 2017-2020 JCC Rouf Library
Rouf Library, Jhenidah Cadet College (JCC), Bangladesh